Les stations du métro de Lille - Statistiques

Statistiques générales
  • Ce quiz a été pris 152 fois
  • Le résultat moyen est 29 sur 60
Statistiques - réponses
Communes Indices Stations % Correct
Lille SNCF Gare Lille Flandres
87%
Lille SNCF Gare Lille Europe
82%
Lille Quartier Wazemmes
77%
Lille Hôtel de ville Mairie de Lille
74%
Lille Gayant Porte de Douai
74%
Lille Léon Gambetta
73%
Lille PTT Porte des Postes
73%
Lille Palais Rihour
73%
Lille France - 7 République Beaux arts
72%
Lille-Fives Quartier Fives
70%
Lille 62 Porte d'Arras
70%
Lille Hainaut Porte de Valenciennes
67%
Lille Spectacle Lille Grand palais
65%
Lille Santé CHU Eurasanté
62%
Lille Bataille Montebello
62%
Villeneuve d'Ascq Duteil Pont de bois
62%
Lille-Lomme Saint Saint Philibert
61%
Lille Louis Cormontaigne
60%
Roubaix Quartier Eurotéléport
60%
Villeneuve d'Ascq 3 Triolo
57%
Mons Fortifié Fort de Mons
56%
Mons Maison commune Mairie de Mons
56%
Lille-Fives Madeleine Caulier
55%
Lille-Hellemmes Maison commune Mairie d'Hellemmes
55%
Lille Quartier Saint Maurice Pellevoisin
52%
Tourcoing Santé CH Dron
51%
Croix Milieu Croix centre
50%
Tourcoing SNCF Gare de Tourcoing
50%
Croix Maison commune Mairie de Croix
50%
Lille-Fives Calcaire Marbrerie
50%
Lille Voie d'eau Port de Lille
49%
Villeneuve d'Ascq Mairie Villeneuve d'Ascq Hôtel de ville
47%
Lille-Lomme Centre Bourg
45%
Lille Quartier Bois blancs
44%
Tourcoing Milieu Tourcoing centre
42%
Wasquehal Mairie Wasquehal Hôtel de ville
41%
Lille-Hellemmes Province Square Flandres
40%
Roubaix Région Alsace
39%
Villeneuve d'Ascq Assassiné Jean Jaurès
39%
Lille Quartier Canteleu
38%
Lille-Lomme Quartier Mitterie
38%
Lille Santé CHU Oscar Lambret
36%
Tourcoing Quartier Mercure
35%
Wasquehal Grès Pavé de Lille
34%
Roubaix Quartier - Philosophe Epeule Montesquieu
33%
Villeneuve d'Ascq Ensemble / Professeur Cité scientifique Professeur Gabillard
32%
Tourcoing Quartier Phalempins
31%
Roubaix Président Roubaix Charles de Gaulle
31%
Roubaix Espace urbain Roubaix Grand place
30%
Villeneuve d'Ascq Pâture - Ministre Les Près Edgard Pisani
29%
Tourcoing Région Bourgogne
28%
Tourcoing Ministre Colbert
28%
Lille-Lomme Passage Pont supérieur
28%
Lille-Lomme Lambersart Maire Lomme Lambersart Arthur Notebart
27%
Tourcoing Charrons Carliers
24%
Tourcoing Passage Pont de Neuville
23%
Roubaix SNCF Maire Gare Jean Lebas Roubaix
21%
Lille-Lomme Jeunes Maisons des enfants
20%
Villeneuve d'Ascq 2+2 / Premier Quatre Cantons Stade Pierre Mauroy
20%
Mons Quartier Mons Sars
18%
Aucun quiz correspondant
Distribution des résultats
% des personnes avec chaque résultat
Percentile par nombre de réponses
Votre historique - résultats
Vous n’avez pas pris ce quiz